| 000 | 00954nam a22002297a 4500 | ||
|---|---|---|---|
| 003 | OSt | ||
| 005 | 20250820152544.0 | ||
| 008 | 241010b |||||||| |||| 00| 0 eng d | ||
| 040 | _c0 | ||
| 082 | _aDPer 613.705 J826 January-December 2020 v. 91 n. 1-9 | ||
| 100 |
_aCox, Dannon G. _eauthor. _962745 |
||
| 245 |
_aWelcome to the matrix : _bintersecting physical education and technology standards / _cDannon G. Cox, Jennifer M. Krause, and Katherine Roth. |
||
| 260 |
_aVirginia ; _bAmerican Alliance for Health , _cSeptember 2020. |
||
| 300 |
_aVolume 91, pages 52-55 : _billustration ; _c28 cm. |
||
| 500 | _aThe Journal of Physical Education Recreation & Dance, vol. 91, no. 7, pages 52-55, September 2020. | ||
| 650 | 0 |
_aPhysical education. _950439 |
|
| 650 | 0 |
_aTechnology. _916413 |
|
| 700 |
_aCox, Dannon G. _eauthor. _962745 |
||
| 700 |
_aKrause, Jennifer M. _eauthor. _966980 |
||
| 700 |
_aRoth, Katherine. _eauthor. _966981 |
||
| 942 |
_2ddc _cPER |
||
| 999 |
_c22460 _d22460 |
||